000 00418nam a22001697a 4500
005 20160526115831.0
008 160526b xxu||||| |||| 00| 0 eng d
020 _a978-81-203-3477-9
041 _aeng
082 _b5190
100 _aRichaman, Larry
_91299
245 _aProject Management (Step Pry Step)
260 _aNew Delhi
_bAcademic Faundation
300 _a285
650 _aManagement
_9241
942 _cBK
999 _c1818
_d1817